000 02140njm a2200373Ia 4500
001 B5376
003 IT-RoPAU
005 20220918181117.0
008 131025s9999 xx 000 0 und d
040 _aIT-RoPAU
040 _cIT-RoPAU
999 _c99526
_d99526
999 _bn.d.
100 _aAA.VV.
_9794
100 _eAutore musica
_929057
100 _gCodice autore musica SPICS: 12000
_9796
245 _aGreat Love Duets - Celebres duos d'amour
250 _a1a ed.
260 _aLONDON
260 _bDECCA RECORD COMPANY
_c1986 [1a Ed.:1986]
300 _aMUSICASSETTA
300 _c63 minuti (Testo: 0 pag.)
500 _aMusica classica. Musica lirica.
505 _aO soave fanciulla [(Mimì, Rodolfo) (da La Boheme) (4:00)] - Mario! Mario! Mario! [(Tosca, Cavaradossi) (da Tosca) (13:00)] - Parigi, o cara [(Violetta, Alfredo) (da La Traviata) (4:00)] - Già nella notte densa [(Desdemona, Otello) (da Otello) (11:00)] - Un dì felice [(Violetta, Alfredo) (da La Traviata) (4:00)] - Ma chi vien?... Oh! la sinistra voce! [(da La Gioconda) (7:00)] - Tu, tu, amore tu? [(da Manon Lescaut) (8:00)] - Bimba dagli occhi pieni di malia [(da Madama Butterfly) (12:00)]
511 _aOrchestra dell'Accademia di Santa Cecilia Roma diretta da Serafin Tullio
511 _aOrchestra dell'Accademia di Santa Cecilia Roma diretta da Molinari-Pradelli F.
511 _aWiener Philharmoniker diretti da Von Karajan Herbert
511 _aOrchestra dell'Accademia di Santa Cecilia di Roma diretta da Molinari Francesco
511 _aOrchestre de la Suisse Romande diretta da Guadagno Anton
650 _aOPERA LIRICA [CASSETTE]
_eCodice MATERIA SPICS: 9951
_929058
700 _aPuccini Giacomo
_dCodice autore musica SPICS: 11082
_eAutore musica
_pO soave fanciulla - Mario! Mario! Mario! - Tu, tu, amore tu? - Bimba dagli occhi pieni di malia
_929059
700 _aVerdi Giuseppe
_dCodice autore musica SPICS: 89
_eAutore musica
_pParigi, o cara - Già nella notte densa - Un dì felice
_929060
700 _aPonchielli Amilcare
_dCodice autore musica SPICS: 13061
_eAutore musica
_pMa chi vien?... Oh! la sinistra voce!
_929061
942 _cMC
_2ddc